000 00633nam a2200229Ia 4500
005 20240207095047.0
008 131103s9999 xx 000 0 und d
020 _a8171566219
_cRs 750
040 _aLoreto College
041 _aEnglish
082 _a370.15
_bSHA
100 _aSharma, Ram Nath
245 _aEducational Psychology,
_cRam Nath Sharma, R.K. Sharma
260 _aNew Delhi
_bAtlantic Publishers and Distributors
_c2006
300 _aviii,439p
504 _aIncludes bibliography
650 _aEducation
651 _aEducational Psychology
700 _aSharma, R.K.
850 _aLCLIB
942 _cBK
999 _c16931
_d67410